00410nam a2200157Ia 45000010006000000050017000060080041000230410008000640820018000721000022000902450087001122600009001993000028002086500008002366540008002441864120260306171645.0260306s9999||||xx |||||||||||||| ||und|| aESP a658.4092bP77 aPonti, FranceAUT 0aPasión por innovar:bun modelo novedoso que incentiva la creatividad empresarial c2011 a290 páginas :c23 cm. aGEN aCAN